Detalles MARC
| 000 -LÍDER |
| Campo fijo de descripción fija |
01845nam a2200385 i 4500 |
| 001 - NÚMERO DE CONTROL |
| Campo de control |
768714001 |
| 003 - IDENTIFICADOR DEL NÚMERO DE CONTROL |
| Campo de control |
CO-MdFUSB2 |
| 005 - FECHA Y HORA DE LA ULTIMA TRANSACCIÓN |
| control field |
20260418122416.0 |
| 007 - CAMPO FIJO DE DESCRIPCIÓN FIJA--INFORMACIÓN GENERAL |
| Campo fijo de descripción fija |
ta |
| 008 - ELEMENTOS DE LONGITUD FIJA -- INFORMACIÓN GENERAL |
| Campo fijo de descripción fija -- Información general |
240930t1992 sp ||||| |||| 001 0 spa d |
| 020 ## - NÚMERO INTERNACIONAL NORMALIZADO PARA LIBROS |
| Número Internacional Normalizado del libro |
8430111948 |
| 040 ## - FUENTE DE CATALOGACIÓN |
| Idioma de catalogación |
spa. |
| Agencia de catalogación original |
CO-MdFUSB |
| Agencia que realiza la transcripción |
CO-MdFUSB |
| Agencia que realiza la modificación |
CO-MdFUSBC |
| Convenciones de la descripción |
rda |
| 041 ## - CÓDIGO DE IDIOMA |
| Código de idioma para texto/pista de sonido o título separado |
spa |
| 082 ## - NÚMERO DE CLASIFICACIÓN DECIMAL DEWEY |
| Número de la edición del Dewey |
23 |
| Número de clasificación |
222.35 |
| Clave de autor-Numero de item |
C114 |
| 100 ## - ASIENTO PRINCIPAL--NOMBRE PERSONAL |
| Nombre personal |
Cabezudo Melero, Enrique, |
| Término relacionador |
autor |
| 245 1# - TÍTULO |
| Título del Material |
Historia episódica : Rut, Tobías, Judit y Ester : |
| Parte restante del título - Subtitulo |
texto y comentario |
| Mención de responsabilidad, etc. |
/ Enrique Cabezudo Melero |
| 264 #1 - PRODUCCIÓN, PUBLICACIÓN, DISTRIBUCIÓN, MANUFACTURA, Y COPYRIGHT |
| Lugar de producción, publicación, distribución, manufactura |
Salamanca, España : |
| Nombre del productor, publicador, distribuidor |
La casa de la Biblia, |
| Fecha de producción, publicación, distribución, manufactura, o copyright |
[1992] |
| 264 #4 - PRODUCCIÓN, PUBLICACIÓN, DISTRIBUCIÓN, MANUFACTURA, Y COPYRIGHT |
| Fecha de producción, publicación, distribución, manufactura, o copyright |
©1992 |
| 300 ## - DESCRIPCIÓN FÍSICA |
| Extensión |
207 páginas |
| Dimensiones |
; 17 cm |
| 336 ## - TIPO DE CONTENIDO |
| Fuente |
rdacontent |
| Término de tipo de contenido |
texto |
| Código de tipo de contenido |
txt |
| 337 ## - TIPO DE MEDIO |
| Fuente |
rdamedia |
| Nombre del tipo de medio |
sin mediación |
| Código del tipo de medio |
n |
| 338 ## - TIPO DE SOPORTE |
| Fuente |
rdacarrier |
| Nombre del tipo de soporte |
volumen |
| Código Tipo de soporte |
nc |
| 490 ## - MENCIÓN DE SERIE |
| Mención de serie |
Mensaje del Antiguo Testamento |
| 500 ## - NOTA GENERAL |
| Nota General |
Incluye índice |
| 505 ## - NOTA DE CONTENIDO |
| Título |
Tobias: |
| Información miscelánea |
Presentación del tema y de los personajes (Tob 1 3-3 17) - - Desarrollo de la acción (Tob 4 1-11 19) - -Desenlace del relato (Tob 12 1-22) - - Epílogo (Tob 13 1-14 15) |
| Título |
Judith: |
| Información miscelánea |
La prueba (Jdt 1 1-3 10) -- Resistencia de la ciudad y súplica de Ajior (Jdt 4 1-7 32) -- Intervención de Judit y liberación (Jdt 8 1-15 13) -- Epílogo (Jdt 15 14-16 25) |
| Título |
Ester: |
| Información miscelánea |
Destitución de Vasti y entronización de Ester (Est 1 1-2 20) -- Amán, Mardoqueo y Ester (Est 2 21-4 17x) -- Ester ante Asuero (Est 5 1-14) -- Caída de Amán y triunfo de los judíos (Est 6 1-9 16) -- Apéndices (Est 9 17-10 3k). |
| 563 ## - NOTA DE ENCUADERNACIÓN |
| Nota de encuadernación |
Rústica |
| 630 07 - TITULO UNIFORME |
| Título uniforme |
Biblia. |
| Nombre de parte o sección de la obra |
Antiguo Testamento |
| 650 #7 - ASIENTO SECUNDARIO DE MATERIA - TERMINO TEMÁTICO |
| Término temático o nombre geográfico como elemento de entrada |
Hermenéutica bíblica |
| Fuente del encabezamiento o término |
embne |
| 9 (RLIN) |
7333 |
| 653 ## - TÉRMINO DE INDIZACIÓN - NO CONTROLADO |
| Término no controlado |
Biblia. A.T. Rut — Comentarios |
| 653 ## - TÉRMINO DE INDIZACIÓN - NO CONTROLADO |
| Término no controlado |
Biblia. A.T. Tobías — Comentarios |
| 653 ## - TÉRMINO DE INDIZACIÓN - NO CONTROLADO |
| Término no controlado |
Biblia. A.T. Judit — Comentarios |
| 653 ## - TÉRMINO DE INDIZACIÓN - NO CONTROLADO |
| Término no controlado |
Biblia. A.T. Ester — Comentarios |
| 942 ## - TIPO DE MATERIAL (KOHA) |
| Tipo de Item KOHA |
Libros General |
| 945 ## - INFORMACIÓN LOCAL DEL REGISTRO |
| Catalogador |
Catherine Arias Alvarez |